000
00201 a2200097 4500
001
16784
100
_a
Mahmood S
245
_a
Delibrate debacle
260
_a
_b
Ashraf press
_c
090
_c
12650
_d
12650
942
_a
NUST-CAE
_c
M
_c
2948
999
_c
251857
_d
251857